000 00439nam a2200133Ia 4500
008 171212s9999 xx 000 0 und d
020 _a9781846318351
100 _aDauncey, Hugh
245 _cDauncey, Hugh
_aFrench Cycling
_bA Social and Cultural History
260 _bLiverpool University Press
_c2012
440 _aContemporary French and Francophone Cultures
650 _aSociology
856 _uhttp://www.jstor.org/stable/j.ctt5vjd61
999 _c351496
_d351496